[Event "19. Torneo San Viator"]
[Site "Madrid ESP"]
[Date "2012.11.04"]
[Round "7.22"]
[White "Del Noval Nemeshazi, Nesztor"]
[Black "Morona Minguez, Miguel"]
[Result "0-1"]
[WhiteElo "1499"]
[BlackElo "1631"]
[PlyCount "82"]
[EventDate "2012.09.23"]
[EventType "swiss"]
[EventRounds "9"]
[EventCountry "ESP"]
[Source "lmi"]
[SourceDate "2012.09.23"]

1. e4 e5 2. Nf3 Nc6 3. Bb5 a6 4. Ba4 Nf6 5. O-O b5 6. Bb3 Be7 7. Re1 d6 8. c3
O-O 9. h3 Be6 10. Bxe6 fxe6 11. Qb3 Qd7 12. d4 exd4 13. cxd4 d5 14. e5 Ne4 15.
Nc3 Nxc3 16. bxc3 Na5 17. Qc2 c5 18. h4 cxd4 19. cxd4 Rac8 20. Qd3 Qe8 21. Bg5
Bb4 22. Reb1 Bc3 23. Rc1 Bxa1 24. Rxc8 Qxc8 25. Be7 Qc1+ 26. Kh2 Qf4+ 27. Kg1
Rc8 28. g3 Qe4 29. Qd1 Bb2 30. Bc5 Nb7 31. Ng5 Qg6 32. f4 Nxc5 33. Qc2 Qxc2 34.
dxc5 Qxc5+ 35. Kh2 Qf2+ 36. Kh3 Rc3 37. Kg4 Rxg3+ 38. Kh5 Rxg5+ 39. Kxg5 Qg3+
40. Kh5 g6+ 41. Kh6 Qxh4# 0-1

[Event "19. Torneo San Viator"]
[Site "Madrid ESP"]
[Date "2012.11.04"]
[Round "7.23"]
[White "Garcia Rojas, Juan Carlos"]
[Black "Soto Martin, Miguel"]
[Result "0-1"]
[WhiteElo "1570"]
[BlackElo "1493"]
[PlyCount "128"]
[EventDate "2012.09.23"]
[EventType "swiss"]
[EventRounds "9"]
[EventCountry "ESP"]
[Source "lmi"]
[SourceDate "2012.09.23"]

1. e4 e5 2. Nf3 Nc6 3. Bc4 Bc5 4. b3 Nf6 5. Nc3 d6 6. O-O O-O 7. Re1 Be6 8. Be2
Nd4 9. d3 Qd7 10. Be3 Ng4 11. Bxd4 exd4 12. Na4 Bb4 13. Rf1 c5 14. Ng5 Nf6 15.
Nxe6 Qxe6 16. f4 b5 17. Nb2 Bc3 18. Qc1 Nd7 19. Rb1 f5 20. Bf3 Rae8 21. Nd1 Ba5
22. Nf2 Qf6 23. exf5 Qxf5 24. Nh3 Nf6 25. Qd1 Nd5 26. Bxd5+ Qxd5 27. Qg4 Qf5
28. Qf3 d5 29. a3 Bc7 30. g4 Qe6 31. f5 Qe3+ 32. Rf2 Qxf3 33. Rxf3 Re3 34. Rxe3
dxe3 35. Ng5 Re8 36. Ne6 Bb6 37. Re1 d4 38. Re2 g6 39. Rg2 Kf7 40. Ng5+ Kg7 41.
Ne4 h6 42. f6+ Kf8 43. h4 Rd8 44. Kf1 Kf7 45. Ke2 a5 46. g5 h5 47. Rg1 Rd7 48.
Rc1 Rc7 49. Nd6+ Kf8 50. Nxb5 Rd7 51. a4 Bc7 52. Rg1 Bb6 53. Na3 Rd5 54. Nc4
Bc7 55. Rg2 Rf5 56. Nb2 Rf4 57. Rh2 Rg4 58. Rh1 Rg2+ 59. Kf3 Rxc2 60. Rb1 Rf2+
61. Ke4 Rf5 62. Nc4 Kf7 63. Na3 Ke6 64. Nb5 Rf4# 0-1

[Event "19. Torneo San Viator"]
[Site "Madrid ESP"]
[Date "2012.11.04"]
[Round "7.24"]
[White "Martin Rodriguez, Jose L"]
[Black "Magan Gonzalez, Alberto"]
[Result "0-1"]
[WhiteElo "1431"]
[BlackElo "1850"]
[PlyCount "64"]
[EventDate "2012.09.23"]
[EventType "swiss"]
[EventRounds "9"]
[EventCountry "ESP"]
[Source "lmi"]
[SourceDate "2012.09.23"]

1. e4 c5 2. Nf3 d6 3. d4 cxd4 4. Nxd4 Nf6 5. Nc3 a6 6. Bg5 e6 7. f4 Be7 8. Qf3
Qc7 9. O-O-O Nbd7 10. Qg3 b5 11. a3 Rb8 12. f5 Nc5 13. Qe3 b4 14. Na2 bxa3 15.
Qxa3 Ncxe4 16. Be3 Ng4 17. fxe6 Nxe3 18. Qa4+ Kf8 19. Nc6 Nxd1 20. Nxb8 Qxb8
21. Qxe4 Bxe6 22. Bc4 Nf2 23. Qf4 Nxh1 24. Bxe6 Bf6 25. Qc4 fxe6 26. Qxe6 Qxb2+
27. Kd2 Qd4+ 28. Kc1 Nf2 29. Qc8+ Kf7 30. Qc7+ Kg6 31. Nc3 Qxc3 32. Qb6 Qe1#
0-1

[Event "19. Torneo San Viator"]
[Site "Madrid ESP"]
[Date "2012.11.04"]
[Round "7.25"]
[White "Sierra Bermejo, Gregorio"]
[Black "Cabeza Hernandez, Guillermo"]
[Result "0-1"]
[WhiteElo "1664"]
[BlackElo "1546"]
[PlyCount "60"]
[EventDate "2012.09.23"]
[EventType "swiss"]
[EventRounds "9"]
[EventCountry "ESP"]
[Source "lmi"]
[SourceDate "2012.09.23"]

1. e4 e5 2. Nf3 d6 3. d4 exd4 4. Qxd4 Nc6 5. Bb5 Bd7 6. Bxc6 Bxc6 7. Nc3 h6 8.
Be3 Nf6 9. O-O-O Be7 10. h3 O-O 11. Nd2 Nd7 12. f4 Bf6 13. Qd3 Re8 14. Rhg1 a6
15. Nd5 Bxd5 16. Qxd5 Nf8 17. Bd4 Bxd4 18. Qxd4 Ne6 19. Qf2 Qf6 20. Rgf1 b5 21.
Nb3 a5 22. Rd5 a4 23. Rf5 Qe7 24. Nd2 c5 25. g4 Nc7 26. e5 g6 27. exd6 Qxd6 28.
Rxc5 Qf6 29. g5 hxg5 30. fxg5 Qxf2 0-1

[Event "19. Torneo San Viator"]
[Site "Madrid ESP"]
[Date "2012.11.04"]
[Round "7.26"]
[White "Salgado Duarte, Pablo"]
[Black "Savchuk, Olga"]
[Result "0-1"]
[WhiteElo "1579"]
[BlackElo "1464"]
[PlyCount "74"]
[EventDate "2012.09.23"]
[EventType "swiss"]
[EventRounds "9"]
[EventCountry "ESP"]
[Source "lmi"]
[SourceDate "2012.09.23"]

1. d4 Nf6 2. Nc3 e6 3. Nf3 Bb4 4. Bd2 O-O 5. e3 d5 6. Bd3 Nbd7 7. O-O c5 8. a3
Ba5 9. dxc5 Nxc5 10. Be2 Bc7 11. b4 Nce4 12. Bd3 Nxd2 13. Qxd2 e5 14. Bb5 Qd6
15. g3 Bh3 16. Rfd1 Bg4 17. Be2 Rfd8 18. Nb5 Qc6 19. Nxc7 Qxc7 20. Rac1 Ne4 21.
Qd3 Nc3 22. Nd4 Nxd1 23. Nb5 Nb2 24. Qb3 Qd7 25. Bxg4 Qxg4 26. Qxb2 a6 27. Nc7
Rac8 28. Qxe5 Qd7 29. Nxa6 bxa6 30. c3 Qa4 31. Ra1 Qb3 32. Qg5 Qxc3 33. Rd1
Qxa3 34. e4 h6 35. Qf5 dxe4 36. Rxd8+ Rxd8 37. Qxe4 Rb8 0-1

[Event "19. Torneo San Viator"]
[Site "Madrid ESP"]
[Date "2012.11.04"]
[Round "7.27"]
[White "Jimenez Sanchez, Juan Daniel"]
[Black "Moreno Zamora, Gregorio"]
[Result "0-1"]
[WhiteElo "1386"]
[BlackElo "1724"]
[PlyCount "62"]
[EventDate "2012.09.23"]
[EventType "swiss"]
[EventRounds "9"]
[EventCountry "ESP"]
[Source "lmi"]
[SourceDate "2012.09.23"]

1. d4 d5 2. c4 e6 3. Nf3 Nf6 4. g3 b6 5. Bg2 Bb7 6. O-O dxc4 7. Qc2 Nbd7 8.
Qxc4 Bd6 9. Bg5 h6 10. Bxf6 Nxf6 11. Nbd2 O-O 12. Rfe1 Ne4 13. Nxe4 Bxe4 14.
Rac1 Qe7 15. Ne5 Bxg2 16. Kxg2 c5 17. e3 Rac8 18. Qa6 Rc7 19. Nc4 cxd4 20. exd4
Qd7 21. Nxd6 Qxd6 22. Rxc7 Qxc7 23. Kg1 Rd8 24. Qa4 a5 25. d5 Rxd5 26. Qe8+ Kh7
27. Qa4 b5 28. Qe4+ g6 29. h4 Qc4 30. Qf3 Rf5 31. h5 Rxf3 0-1

[Event "19. Torneo San Viator"]
[Site "Madrid ESP"]
[Date "2012.11.04"]
[Round "7.28"]
[White "Cortijo Manso, Luis"]
[Black "Perez Fajardo, Daniel"]
[Result "1-0"]
[WhiteElo "1534"]
[BlackElo "1580"]
[PlyCount "81"]
[EventDate "2012.09.23"]
[EventType "swiss"]
[EventRounds "9"]
[EventCountry "ESP"]
[Source "lmi"]
[SourceDate "2012.09.23"]

1. d4 d5 2. Nf3 Nf6 3. g3 e6 4. Bg2 Be7 5. O-O Nbd7 6. Nbd2 c5 7. c4 b6 8. cxd5
exd5 9. Qc2 Bb7 10. b3 O-O 11. Bb2 Rc8 12. Qd3 b5 13. Qxb5 Bc6 14. Qd3 Re8 15.
Rac1 Qa5 16. Qb1 Bd6 17. e3 h6 18. dxc5 Bxc5 19. Bc3 Qa6 20. Nd4 Ba8 21. b4
Bxd4 22. Bxd4 Rxc1 23. Rxc1 Qe2 24. Qb2 a6 25. Nb3 Qh5 26. Nc5 Ne5 27. Bxe5
Rxe5 28. Nxa6 Bb7 29. Nc5 Bc8 30. Nd3 Re8 31. Nf4 Qg5 32. a4 h5 33. b5 Bb7 34.
a5 Rb8 35. a6 Bxa6 36. b6 Bc4 37. Ra1 Nd7 38. b7 Qf5 39. Bh3 Qf6 40. Qxf6 Nxf6
41. Ra8 1-0

[Event "19. Torneo San Viator"]
[Site "Madrid ESP"]
[Date "2012.11.11"]
[Round "8.1"]
[White "Lopez De Turiso, Jose Angel"]
[Black "Bote Alvarez-Carrasco, Valentin"]
[Result "1/2-1/2"]
[WhiteElo "2046"]
[BlackElo "2130"]
[PlyCount "158"]
[EventDate "2012.09.23"]
[EventType "swiss"]
[EventRounds "9"]
[EventCountry "ESP"]
[Source "lmi"]
[SourceDate "2012.09.23"]

1. e4 e5 2. Nf3 Nc6 3. Bb5 a6 4. Bxc6 dxc6 5. Nc3 Bg4 6. h3 Bxf3 7. Qxf3 Qf6 8.
Qxf6 Nxf6 9. d3 Bd6 10. O-O O-O 11. Be3 Rfe8 12. f4 exf4 13. Bxf4 Bxf4 14. Rxf4
Rad8 15. Raf1 Re7 16. Ne2 Nd7 17. Nd4 Ne5 18. Nf5 Ree8 19. g4 c5 20. Kg2 c4 21.
dxc4 Nxc4 22. b3 Ne5 23. Ng3 g6 24. R4f2 Rd4 25. Re1 Red8 26. Nf1 h6 27. Nh2
Rd1 28. Ree2 Ra1 29. a4 Rdd1 30. Nf3 Nxf3 31. Kxf3 Rh1 32. Rh2 Kf8 33. Rd2 Ke7
34. Rxh1 Rxh1 35. Kg2 Re1 36. Kf3 a5 37. Kf4 Rh1 38. Kg3 b6 39. Kg2 Rc1 40. Kf3
Ke6 41. Kf4 Rf1+ 42. Kg3 Ke7 43. Rd3 g5 44. Rd4 Rf4 45. h4 c5 46. hxg5 hxg5 47.
Rd5 Rxe4 48. Rxg5 Re2 49. Rd5 Rxc2 50. Rd3 c4 51. bxc4 Rxc4 52. Rb3 Rb4 53. Ra3
Kf6 54. Rd3 Ke5 55. Ra3 Kd5 56. Kf3 Kc5 57. Ra1 Rc4 58. Kg3 Rb4 59. Rc1+ Kd4
60. Rf1 Ke5 61. Ra1 f6 62. Ra3 b5 63. axb5 Rxb5 64. Rf3 Rd5 65. Re3+ Kd6 66.
Re8 Rg5 67. Kf4 Rb5 68. Rd8+ Ke7 69. Ra8 Kf7 70. Ra7+ Kg6 71. Ra6 Rb4+ 72. Kg3
a4 73. Ra5 Rb3+ 74. Kf4 a3 75. Ke4 Rh3 76. Kf4 Kf7 77. Kf5 Rf3+ 78. Ke4 Rg3 79.
Kf4 Rh3 1/2-1/2

[Event "19. Torneo San Viator"]
[Site "Madrid ESP"]
[Date "2012.11.11"]
[Round "8.2"]
[White "Lianes Garcia, Marcos"]
[Black "Rodriguez Sanchez, Roberto"]
[Result "0-1"]
[WhiteElo "1627"]
[BlackElo "1953"]
[PlyCount "112"]
[EventDate "2012.09.23"]
[EventType "swiss"]
[EventRounds "9"]
[EventCountry "ESP"]
[Source "lmi"]
[SourceDate "2012.09.23"]

1. e4 c5 2. Nf3 d6 3. d4 cxd4 4. Nxd4 Nf6 5. Nc3 a6 6. Be2 e6 7. O-O Be7 8. f4
Qc7 9. Kh1 Nc6 10. Be3 Bd7 11. Qe1 Nxd4 12. Bxd4 e5 13. Be3 O-O 14. Qg3 Kh8 15.
Rad1 Bc6 16. Bf3 b5 17. fxe5 dxe5 18. Nd5 Bxd5 19. exd5 Bd6 20. Qf2 e4 21. Be2
Bxh2 22. Bd4 Be5 23. d6 Bxd4 24. Qxd4 Qa7 25. b3 Qxd4 26. Rxd4 Rfd8 27. c4 bxc4
28. bxc4 Rac8 29. Rf5 Kg8 30. c5 Nd7 31. Rxe4 g6 32. Rf1 Rxc5 33. Re7 Ne5 34.
Bxa6 Rxd6 35. Be2 Rd2 36. Bf3 Nxf3 37. Rxf3 Rc1+ 38. Kh2 Rcc2 39. Rfxf7 Rxg2+
40. Kh3 Rh2+ 41. Kg3 Rcg2+ 42. Kf4 Rf2+ 43. Ke5 Rxf7 44. Re8+ Kg7 45. Ra8 Re2+
46. Kd5 Rff2 47. a4 Ra2 48. Kc5 Rf4 49. a5 Rf5+ 50. Kb6 Raxa5 51. Rd8 Rae5 52.
Rd7+ Rf7 53. Rd3 Rf6+ 54. Kc7 Re7+ 55. Kd8 Ra7 56. Kc8 Rf8+ 0-1

[Event "19. Torneo San Viator"]
[Site "Madrid ESP"]
[Date "2012.11.11"]
[Round "8.3"]
[White "Sierra Soria, Maria"]
[Black "Cano Cabanillas, Javier"]
[Result "1/2-1/2"]
[WhiteElo "1795"]
[BlackElo "2027"]
[PlyCount "104"]
[EventDate "2012.09.23"]
[EventType "swiss"]
[EventRounds "9"]
[EventCountry "ESP"]
[Source "lmi"]
[SourceDate "2012.09.23"]

1. e4 a6 2. d4 e6 3. Nd2 d5 4. c3 Nf6 5. e5 Nfd7 6. Bd3 c5 7. Ne2 Nc6 8. O-O
cxd4 9. cxd4 f6 10. exf6 Nxf6 11. Nf3 Bd6 12. Re1 O-O 13. Bg5 Qc7 14. Rc1 Ne4
15. Be3 Bd7 16. Ng3 Nf6 17. a3 Bf4 18. Qd2 Bxe3 19. Rxe3 Ng4 20. Re2 Qf4 21.
Qxf4 Rxf4 22. Ng5 h6 23. Nxe6 Bxe6 24. Rxe6 Nxf2 25. Bg6 Ng4 26. Rce1 Rf6 27.
Re8+ Rf8 28. Rxa8 Rxa8 29. Nh5 Rf8 30. h3 Nf6 31. Nxf6+ gxf6 32. Kf2 Kg7 33.
Bh5 Rd8 34. Ke3 Rd7 35. Kd3 Na5 36. Bg4 Rc7 37. Be6 Nc4 38. Re2 Nb6 39. Re3 Kf8
40. b3 Rc1 41. Bg4 Rc6 42. Re6 Rxe6 43. Bxe6 Ke7 44. Bg4 Na8 45. Bc8 Nc7 46.
Bxb7 Kd6 47. Ke3 a5 48. Kd3 Ne6 49. Ke3 Nc7 50. Bc8 Nb5 51. a4 Nc3 52. Bf5 Na2
1/2-1/2

[Event "19. Torneo San Viator"]
[Site "Madrid ESP"]
[Date "2012.11.11"]
[Round "8.4"]
[White "Al-Zarif Zabala, Bassam"]
[Black "Garcia-Ruiz Fuentes, Angel M"]
[Result "0-1"]
[WhiteElo "1768"]
[BlackElo "1943"]
[PlyCount "62"]
[EventDate "2012.09.23"]
[EventType "swiss"]
[EventRounds "9"]
[EventCountry "ESP"]
[Source "lmi"]
[SourceDate "2012.09.23"]

1. e4 c5 2. Ne2 d6 3. Nbc3 a6 4. g3 b5 5. a3 Bb7 6. Bg2 Nf6 7. d3 Nc6 8. O-O
Qc7 9. Na2 g6 10. h3 Bg7 11. Be3 Nd7 12. Rb1 a5 13. Qd2 h5 14. Nac3 b4 15. Nd5
Qb8 16. h4 Nce5 17. f4 Ng4 18. f5 Bxd5 19. exd5 Nxe3 20. Qxe3 gxf5 21. axb4
Qxb4 22. c3 Qg4 23. Kh2 Qg6 24. Nf4 Ne5 25. Nxg6 Ng4+ 26. Kh3 Nxe3 27. Nxh8
Nxf1 28. Nxf7 Ne3 29. Ng5 Nxg2 30. Kxg2 Rb8 31. Ne6 Bxc3 0-1

[Event "19. Torneo San Viator"]
[Site "Madrid ESP"]
[Date "2012.11.11"]
[Round "8.5"]
[White "Barahona Torrijos, Angel"]
[Black "Hernandez Mateo, Borja"]
[Result "0-1"]
[WhiteElo "1893"]
[BlackElo "1719"]
[PlyCount "78"]
[EventDate "2012.09.23"]
[EventType "swiss"]
[EventRounds "9"]
[EventCountry "ESP"]
[Source "lmi"]
[SourceDate "2012.09.23"]

1. e4 c5 2. a3 e6 3. b4 cxb4 4. axb4 Bxb4 5. Bb2 Nf6 6. e5 Nd5 7. c4 Ne7 8. Na3
Nbc6 9. Nc2 Ba5 10. Bd3 O-O 11. Qh5 Ng6 12. Nf3 Bc7 13. Ne3 h6 14. Bxg6 fxg6
15. Qxg6 Ne7 16. Qe4 d5 17. exd6 Bxd6 18. Qd4 e5 19. Nxe5 Qc7 20. Nd5 Nxd5 21.
Qxd5+ Kh7 22. O-O Bf5 23. f4 Rad8 24. Bd4 Bb4 25. Qb5 Bxd2 26. Bxa7 Bc3 27. Ra3
Bd4+ 28. Bxd4 Rxd4 29. Ra7 Be4 30. Nf3 Qxf4 31. Ng5+ Qxg5 32. Qxg5 Rxf1+ 33.
Kxf1 hxg5 34. c5 Rd2 35. Ra4 Bxg2+ 36. Ke1 Bc6 37. Rg4 Rxh2 38. Rxg5 Kh6 39.
Re5 Rh5 0-1

[Event "19. Torneo San Viator"]
[Site "Madrid ESP"]
[Date "2012.11.11"]
[Round "8.6"]
[White "Plazuelo Pascual, Juan"]
[Black "Sanchez Lopez, Maria"]
[Result "1-0"]
[WhiteElo "1721"]
[BlackElo "1873"]
[PlyCount "117"]
[EventDate "2012.09.23"]
[EventType "swiss"]
[EventRounds "9"]
[EventCountry "ESP"]
[Source "lmi"]
[SourceDate "2012.09.23"]

1. d4 Nf6 2. Bg5 Ne4 3. h4 c5 4. dxc5 Qa5+ 5. Nd2 Nc6 6. c3 Nxg5 7. Nb3 Qc7 8.
hxg5 g6 9. Nf3 Bg7 10. e3 a5 11. a4 O-O 12. Bd3 Ne5 13. Nxe5 Qxe5 14. Qg4 f5
15. gxf6 Qxf6 16. Qh4 Qxh4 17. Rxh4 d5 18. cxd6 exd6 19. Bc4+ Kh8 20. Rd1 Bf6
21. Rh1 Be7 22. Nd4 Bd7 23. Nb5 Bc6 24. f3 Rad8 25. Bd5 g5 26. Bxc6 bxc6 27.
Na7 c5 28. Nc6 Rde8 29. Kf2 Rf7 30. e4 Bf8 31. Nxa5 Rxe4 32. b3 h6 33. Nc4 Re6
34. Rd5 Kg8 35. Nd2 Bg7 36. Rc1 g4 37. b4 gxf3 38. gxf3 cxb4 39. cxb4 Bb2 40.
Rc6 Ra7 41. a5 Ba3 42. Rb6 Re5 43. Rdxd6 Bxb4 44. Rxb4 Raxa5 45. Rxh6 Ra2 46.
Rd6 Re7 47. Re4 Rb7 48. Ke3 Ra3+ 49. Rd3 Ra1 50. Rd5 Ra3+ 51. Kf4 Ra1 52. Nc4
Rf1 53. Rg5+ Kf8 54. Nd6 Rb8 55. Rh5 Kg7 56. Nf5+ Kg6 57. Re6+ Kf7 58. Re7+ Kg8
59. Rg7+ 1-0

[Event "19. Torneo San Viator"]
[Site "Madrid ESP"]
[Date "2012.11.11"]
[Round "8.7"]
[White "Martin Garcia, Francisco Javier"]
[Black "Camara Cozar, David"]
[Result "0-1"]
[WhiteElo "1609"]
[BlackElo "2077"]
[PlyCount "56"]
[EventDate "2012.09.23"]
[EventType "swiss"]
[EventRounds "9"]
[EventCountry "ESP"]
[Source "lmi"]
[SourceDate "2012.09.23"]

1. d4 Nf6 2. Nf3 g6 3. c4 Bg7 4. Nc3 d5 5. e3 O-O 6. Qb3 e6 7. Bd2 Nc6 8. cxd5
exd5 9. Rc1 Re8 10. Bb5 Bg4 11. Bxc6 bxc6 12. Ne5 c5 13. Nxg4 Nxg4 14. Qxd5
cxd4 15. Qxd8 Raxd8 16. Nb5 dxe3 17. fxe3 Nxe3 18. Bxe3 Rxe3+ 19. Kf2 Re5 20.
Nxa7 Rd2+ 21. Kf1 Rf5+ 22. Ke1 Rxb2 23. Nc6 Rff2 24. g3 Rxa2 25. Nb4 Rae2+ 26.
Kd1 Be5 27. Rb1 Rb2 28. Kc1 Rxb1+ 0-1

[Event "19. Torneo San Viator"]
[Site "Madrid ESP"]
[Date "2012.11.11"]
[Round "8.8"]
[White "Gomez Dorado, Ernesto"]
[Black "Cabanas Bravo, Juan Andres"]
[Result "0-1"]
[WhiteElo "1768"]
[BlackElo "2070"]
[PlyCount "58"]
[EventDate "2012.09.23"]
[EventType "swiss"]
[EventRounds "9"]
[EventCountry "ESP"]
[Source "lmi"]
[SourceDate "2012.09.23"]

1. Nf3 Nf6 2. c4 g6 3. Nc3 d5 4. cxd5 Nxd5 5. Qb3 Nb6 6. Ng5 e6 7. d3 Bg7 8. h4
Bd7 9. Bd2 Bc6 10. Nge4 Qe7 11. h5 N8d7 12. hxg6 hxg6 13. Rxh8+ Bxh8 14. O-O-O
O-O-O 15. g4 Bd4 16. e3 Bg7 17. f4 f5 18. gxf5 gxf5 19. Ng5 Nc5 20. Qc2 Bf6 21.
e4 Nca4 22. e5 Bxg5 23. fxg5 Nxc3 24. Qxc3 Nd5 25. Qa5 f4 26. Bh3 Kb8 27. Kb1
Qh7 28. Bxe6 Qxd3+ 29. Ka1 Ne3 0-1

[Event "19. Torneo San Viator"]
[Site "Madrid ESP"]
[Date "2012.11.11"]
[Round "8.9"]
[White "Navarro Gonzalez, Jaime"]
[Black "Pindado Campos, Raul"]
[Result "1/2-1/2"]
[WhiteElo "1769"]
[BlackElo "1928"]
[PlyCount "96"]
[EventDate "2012.09.23"]
[EventType "swiss"]
[EventRounds "9"]
[EventCountry "ESP"]
[Source "lmi"]
[SourceDate "2012.09.23"]

1. e4 c5 2. Nf3 e6 3. d4 cxd4 4. Nxd4 a6 5. Nc3 Qc7 6. Be3 Nf6 7. a3 Nc6 8. f3
Be7 9. Qd2 O-O 10. O-O-O b5 11. Nxc6 dxc6 12. g4 Rd8 13. Bd3 a5 14. Nb1 b4 15.
a4 c5 16. Qf2 Rb8 17. Bc4 Bd7 18. b3 Be8 19. g5 Nd7 20. Nd2 Nb6 21. Qg3 Qa7 22.
h4 Nxc4 23. Nxc4 Qa6 24. Qc7 Rb7 25. Qxa5 Ra8 26. Qxa6 Rxa6 27. Bf4 Bxa4 28.
bxa4 Rxa4 29. Bd6 Bxd6 30. Nxd6 Rb8 31. Kb2 b3 32. cxb3 Rab4 33. Rd3 c4 34. Rc3
Rxb3+ 35. Rxb3 Rxb3+ 36. Kc2 Rxf3 37. Nxc4 f6 38. gxf6 gxf6 39. Nd2 Re3 40. h5
Kg7 41. Rh4 f5 42. exf5 exf5 43. Nf1 Rf3 44. Nd2 Re3 45. Kd1 Kh6 46. Nf1 Re4
47. Rh2 f4 48. Kd2 Re5 1/2-1/2

[Event "19. Torneo San Viator"]
[Site "Madrid ESP"]
[Date "2012.11.11"]
[Round "8.10"]
[White "Soto Martin, Pablo"]
[Black "Morona Minguez, Irene"]
[Result "0-1"]
[WhiteElo "1695"]
[BlackElo "1952"]
[PlyCount "128"]
[EventDate "2012.09.23"]
[EventType "swiss"]
[EventRounds "9"]
[EventCountry "ESP"]
[Source "lmi"]
[SourceDate "2012.09.23"]

1. e4 c5 2. Nf3 e6 3. c3 Nf6 4. Bd3 Nc6 5. O-O Be7 6. Bc2 O-O 7. d4 cxd4 8.
cxd4 Nb4 9. Nc3 Nxc2 10. Qxc2 b6 11. Bf4 Ba6 12. Rfe1 d6 13. Rac1 Bb7 14. Qd3
Rc8 15. Nd2 Nh5 16. Bg3 Nxg3 17. Qxg3 f5 18. Re2 Bh4 19. Qh3 Qf6 20. Nf3 Bg5
21. Rce1 Bh6 22. e5 dxe5 23. dxe5 Qe7 24. Nb5 Ba6 25. Nfd4 Rfd8 26. Qb3 Rd5 27.
Nxf5 Qg5 28. Nxh6+ Qxh6 29. a4 Rcc5 30. Qa3 Rxe5 31. Rxe5 Rxe5 32. Rd1 Rd5 33.
Re1 Qd2 34. Rf1 Rc5 35. Qb3 Qe2 36. Qg3 Qe5 37. Qf3 Bxb5 38. axb5 Rxb5 39. Qa8+
Kf7 40. Qxa7+ Kf6 41. Qa3 Qxb2 42. Qf8+ Kg6 43. Qe8+ Kf5 44. Qh5+ Kf6 45. Qxh7
Qe5 46. Qh4+ Kf7 47. Qd8 Rb2 48. Qd7+ Kg6 49. Qe8+ Kh7 50. g3 b5 51. Qe7 b4 52.
Qh4+ Kg6 53. Qg4+ Kf6 54. f4 Qd4+ 55. Kh1 Qd5+ 56. Qf3 Rb1 57. Rxb1 Qxf3+ 58.
Kg1 Qe3+ 59. Kg2 Qe4+ 60. Kh3 Qxb1 61. f5 exf5 62. g4 Qf1+ 63. Kh4 g5+ 64. Kg3
f4# 0-1

[Event "19. Torneo San Viator"]
[Site "Madrid ESP"]
[Date "2012.11.11"]
[Round "8.11"]
[White "Soto Martin, Miguel"]
[Black "Garcia Sanjuan, Jose"]
[Result "0-1"]
[WhiteElo "1493"]
[BlackElo "1905"]
[PlyCount "154"]
[EventDate "2012.09.23"]
[EventType "swiss"]
[EventRounds "9"]
[EventCountry "ESP"]
[Source "lmi"]
[SourceDate "2012.09.23"]

1. d4 Nf6 2. Nf3 g6 3. g3 Bg7 4. Bg2 O-O 5. O-O d5 6. Ne5 Nbd7 7. f4 c6 8. c4
e6 9. Nd2 Qb6 10. e3 Nxe5 11. fxe5 Nd7 12. Qe2 Qd8 13. b3 Qa5 14. Bb2 Nb6 15.
Qd3 Qa6 16. Qc2 Bd7 17. e4 dxc4 18. Nxc4 Nxc4 19. Qxc4 Qa5 20. Bc3 Qb6 21. Rf2
Rfd8 22. Raf1 Be8 23. Kh1 Rac8 24. Qe2 Rd7 25. Rd1 Bxe5 26. Qe3 Rcd8 27. Rfd2
Bg7 28. Qg1 Qc7 29. e5 Qb6 30. Rd3 Bxe5 31. Qf1 Bxd4 32. Be1 Qb5 33. Qf3 Qf5
34. Qe2 Bg7 35. Rf3 Qb5 36. Qxb5 cxb5 37. Rc1 Rd1 38. Rxd1 Rxd1 39. Rf1 Bc6 40.
Kg1 Bxg2 41. Kxg2 Ra1 42. Bf2 Rxa2 43. Rd1 Bf6 44. Kg1 b6 45. Rd7 h5 46. Rc7 g5
47. Rc8+ Kg7 48. Ra8 Ra1+ 49. Kg2 b4 50. Rc8 Rb1 51. Rc7 Rxb3 52. Rxa7 Rb2 53.
Kf1 b3 54. Bxb6 Ra2 55. Rb7 b2 56. Bf2 Ra1+ 57. Kg2 b1=Q 58. Rxb1 Rxb1 59. Kh3
g4+ 60. Kg2 Rb2 61. Kg1 Bc3 62. Kf1 f5 63. Kg1 e5 64. Kf1 Bd4 65. Be1 Rxh2 66.
Bb4 Rb2 67. Ba5 f4 68. gxf4 exf4 69. Bc7 f3 70. Bg3 f2 71. Bxf2 Rxf2+ 72. Kg1
Ra2+ 73. Kh1 Ra3 74. Kg2 h4 75. Kh2 h3 76. Kh1 Ra1+ 77. Kh2 Be5# 0-1

[Event "19. Torneo San Viator"]
[Site "Madrid ESP"]
[Date "2012.11.11"]
[Round "8.12"]
[White "Morona Minguez, Miguel"]
[Black "Ore Leon, Gustavo"]
[Result "0-1"]
[WhiteElo "1631"]
[BlackElo "1812"]
[PlyCount "52"]
[EventDate "2012.09.23"]
[EventType "swiss"]
[EventRounds "9"]
[EventCountry "ESP"]
[Source "lmi"]
[SourceDate "2012.09.23"]

1. e4 c5 2. Nf3 d6 3. d4 cxd4 4. Nxd4 Nf6 5. Nc3 a6 6. f4 e6 7. Qf3 Nbd7 8. g4
Qb6 9. Nb3 Nc5 10. Nxc5 Qxc5 11. Be3 Qc7 12. O-O-O b5 13. e5 Bb7 14. Qg3 Ne4
15. Nxe4 Bxe4 16. Bd3 Bxh1 17. Rxh1 dxe5 18. Be4 Rc8 19. Qf3 Bd6 20. fxe5 Bxe5
21. Qg2 h6 22. Bb7 Rb8 23. Bxa6 O-O 24. h4 Ra8 25. Bxb5 Rxa2 26. c3 Qxc3+ 0-1

[Event "19. Torneo San Viator"]
[Site "Madrid ESP"]
[Date "2012.11.11"]
[Round "8.15"]
[White "Del Castillo Lopez, Rafael"]
[Black "Gonzalez Reyes, Felix"]
[Result "1-0"]
[WhiteElo "1729"]
[BlackElo "1728"]
[PlyCount "133"]
[EventDate "2012.09.23"]
[EventType "swiss"]
[EventRounds "9"]
[EventCountry "ESP"]
[Source "lmi"]
[SourceDate "2012.09.23"]

1. Nf3 Nf6 2. c4 c5 3. Nc3 Nc6 4. e4 e5 5. d3 d6 6. g3 Be7 7. Bg2 h6 8. O-O O-O
9. a3 a6 10. Bd2 Bg4 11. h3 Bxf3 12. Bxf3 Nd4 13. Bg2 Qd7 14. Ne2 Ne6 15. b4 b6
16. a4 a5 17. b5 Nh7 18. f4 f6 19. f5 Nd8 20. Qc1 Nf7 21. h4 Kh8 22. Bf3 Rg8
23. Bh5 Raf8 24. Bg6 Bd8 25. Nc3 Qb7 26. Nd5 Qd7 27. Rf2 Re8 28. Rg2 Nf8 29.
Bxf7 Qxf7 30. g4 Nh7 31. Ra2 Qf8 32. Rg3 Qf7 33. Be3 h5 34. g5 g6 35. fxg6 Rxg6
36. Rag2 Reg8 37. Kh2 R8g7 38. Qf1 fxg5 39. Qxf7 Rxf7 40. Bxg5 Nxg5 41. hxg5
Kh7 42. Kh3 Rf1 43. Ra2 Rxg5 44. Rxg5 Bxg5 45. Kg2 Rf8 46. Nxb6 h4 47. Rf2 h3+
48. Kg3 h2 49. Rxh2+ Kg6 50. Re2 Rf1 51. Ra2 Rd1 52. Ra3 Bc1 53. Rb3 Bf4+ 54.
Kf2 Rd2+ 55. Ke1 Ra2 56. Kd1 Bg5 57. Nd5 Rxa4 58. b6 Ra1+ 59. Kc2 Rc1+ 60. Kb2
a4 61. Rc3 Rh1 62. Ka2 Rh8 63. Ka3 Rb8 64. Kxa4 Bd8 65. Kb5 Kg5 66. Kc6 Kg4 67.
b7 1-0

[Event "19. Torneo San Viator"]
[Site "Madrid ESP"]
[Date "2012.11.11"]
[Round "8.16"]
[White "Zhynguel Ramirez De Verger, Ale"]
[Black "Pindado Del Carmen, Eliseo"]
[Result "1-0"]
[WhiteElo "1704"]
[BlackElo "1556"]
[PlyCount "63"]
[EventDate "2012.09.23"]
[EventType "swiss"]
[EventRounds "9"]
[EventCountry "ESP"]
[Source "lmi"]
[SourceDate "2012.09.23"]

1. d4 d5 2. Bf4 e6 3. e3 Nf6 4. Nf3 c5 5. c3 Nc6 6. Nbd2 Bd6 7. Bxd6 Qxd6 8.
Bd3 c4 9. Bc2 h6 10. Qe2 O-O 11. O-O Qc7 12. e4 b6 13. e5 Nh7 14. Nh4 Qe7 15.
g3 f5 16. Ng6 Qf7 17. Nxf8 Qxf8 18. f4 Qf7 19. Qg2 Bb7 20. g4 Ne7 21. Nxc4 Ba6
22. Nd6 Qf8 23. Rf2 Kh8 24. gxf5 exf5 25. Re1 g6 26. Re3 g5 27. fxg5 Nxg5 28.
Nxf5 Nxf5 29. Rxf5 Qe7 30. Rg3 Bc8 31. Rf6 Bh3 32. Rxh6+ 1-0